000 00585nam a22001932 4500
001 0000000172
005 20151217151745.0
008 070112s xx 000 0 eng d
020 _a0942941144 :
_cKES 200
040 _aKABU
_cKABU
100 1 _aWebster-Doyle, Terrence.
_@0000148247
245 1 4 _aThe Religious impulse :
_ba quest for innocence /
_cTerrence Webster-Doyle.
260 _aOjai, CA :
_bAtrium,
_c1989.
300 _aix, 116 p.
650 0 _aPsychology, Religious.
_@0000147930
908 _a070112
950 _@1
999 _c4742
_d4742